Wszystkie piosenki - club2020 - Statystyki

Ogólne statystyki
  • Ten quiz został rozwiązany 69 razy
  • Średni wynik to 12 z 26
Statystyki odpowiedzi
Hint Odpowiedź % Poprawnych
club2020 club2020
94%
club2020 Malibu Barbie
92%
club2020 Landlord
73%
club2020 No weź
67%
club2020 Ej, mała!
59%
club2020 CYPHER2020
55%
club2020 Przypływ
55%
club2020 Deszcz
53%
club2020 100k Euro
49%
club2020 A mówiłem Ci
49%
club2020 Late Night Show
49%
club2020 Candy flip
47%
club2020 Vertigo
47%
club2020 Ciepło - zimno
45%
club2020 Mixtape Nakaz
41%
club2020 Tak naprawdę
41%
club2020 Zadzwonię później
41%
club2020 Mixtape O.N.A
39%
club2020 Mixtape Tr∆jkąt
39%
club2020 Gdzie jest moje co?
37%
club2020 Mixtape Dwa zero, dwa zero
35%
club2020 Wszystko gra
35%
club2020 Mixtape Daj kurwie miodu
27%
club2020 Mixtape Atut fantastic
24%
club2020 Mixtape Plus 1
24%
club2020 Mixtape Zróbmy taki numer
22%
Nie znaleziono quizów pasujących do podanych kryteriów
Rozkład punktacji
Procent ludzi z każdym wynikiem
Percentyl według liczby udzielonych odpowiedzi
Twoja historia wyników
Nie rozwiązałeś tego quizu